000
00296nam a22001097a 4500
008
170110b xxu||||| |||| 00| 0 eng d
020
_a
9780766836297
041
_a
eng
080
_2
2ND
_a
618.2
245
_a
ETHICS & ISSUES IN CONTEMPORARY NURSING
_c
BURKHARDT, M.A & NATHANIEL, A.K
942
_2
udc
_c
BK
999
_c
2608
_d
2608